|
|
|
|
| LEADER |
00000nab#a22000007a#4500 |
| 001 |
arbauad032972 |
| 003 |
AR-BaUAD |
| 005 |
20250711112641.0 |
| 008 |
980908|||||||||###||||||b###|0###a|spa|| |
| 040 |
|
|
|a AR-BaUAD
|c AR-BaUAD
|b spa
|
| 100 |
|
|
|a Bosoni, Giampiero
|
| 245 |
|
|
|a Aspettando la nuova Triennale /
|c Giampiero Bosoni;
|
| 300 |
0 |
|
|b fot.
|
| 653 |
|
|
|a ITALIA
|
| 653 |
|
|
|a MILAN
|
| 653 |
|
|
|a EXPOSICIONES
|
| 653 |
|
|
|a TRIENALES
|
| 653 |
|
|
|a TRIENNALE DI MILANO
|
| 653 |
|
|
|a HISTORIA
|
| 653 |
|
|
|a DISEÑO INDUSTRIAL
|
| 773 |
0 |
|
|t INTERNI
|g no. 439 [abr. 1994], p. 120-121
|
| 942 |
|
|
|c ARTI
|
| 952 |
|
|
|0 0
|1 0
|4 0
|7 0
|9 77891
|a AR-BAuAD
|b AR-BAuAD
|d 2025-07-11
|l 0
|p AAQA032972
|r 2025-07-11 11:26:41
|w 2025-07-11
|y ARTI
|
| 990 |
|
|
|a DI199
|b TD
|
| 998 |
|
|
|a AAQ
|b BIBUN76
|
| 999 |
|
|
|c 57564
|d 57564
|